Ensayos satíricos

Zapisane w:
Opis bibliograficzny
1. autor: Larra, Mariano José de
Format: Książka
Język:Undetermined
Wydane: Moscú, Rusia Enseñanza Superior 1967
Hasła przedmiotowe:
Etykiety: Dodaj etykietę
Nie ma etykietki, Dołącz pierwszą etykiete!

MARC

LEADER 00000nam a2200000Ia 4500
008 170316s9999 xx 000 0 und d
040 |a cru BVZT 
090 |a 862 L-8e 
100 |a Larra, Mariano José de 
245 |a Ensayos satíricos 
260 |a Moscú, Rusia 
260 |b Enseñanza Superior 
260 |c 1967 
300 |a 260 páginas 
650 |a LITERATURA ESPAÑOLA 
999 |c 10098  |d 10098 
942 |c 15 D  |h 862 L-8e  |2 z